000 00320nam a22001457a 4500
008 210427b ||||| |||| 00| 0 eng d
020 _a9780395916834
041 _aeng
080 _2 5th
_a51
082 _a51
100 _a36
101 _aMAT
245 _aCalculus An Applied Approach
_cLarson,
942 _2udc
_cBK
999 _c56834
_d56834